W ue jest 27 państw. Potrafisz wymienić je wszystkie? - Statystyki

Ogólne statystyki
  • Ten quiz został rozwiązany 29 razy
  • Średni wynik to 24 z 27
Statystyki odpowiedzi
Litery Odpowiedz % Poprawnych
E estonia
100%
F finlandia
100%
G grecja
100%
Ł łotwa
100%
P polska
100%
P portugalia
100%
S szwecja
100%
C czechy
96%
F francja
96%
L litwa
96%
S słowacja
96%
B belgia
92%
H hiszpania
92%
L luksemburg
92%
N niemcy
92%
W włochy
92%
C chorwacja
88%
D dania
88%
H holandia
88%
R rumunia
88%
S słowenia
88%
W węgry
88%
B bułgaria
85%
I irlandia
85%
M malta
69%
C cypr
65%
A albania
58%
Nie znaleziono quizów pasujących do podanych kryteriów
Rozkład punktacji
Procent ludzi z każdym wynikiem
Percentyl według liczby udzielonych odpowiedzi
Twoja historia wyników
Nie rozwiązałeś tego quizu